Meilleurs pays du monde en surf - Statistiques

Statistiques générales
  • Ce quiz a été pris 108 fois
  • Le résultat moyen est 20 sur 26
Statistiques - réponses
Rang Nombre de médailles
or + argent + bronze
Pays % Correct
Championnats du monde 5 38 France
100%
Jeux olympiques 2 2 France
100%
Cumul JO et Championnats du monde 5 40 France
100%
Championnats du monde 2 650 Etats-Unis
95%
Jeux olympiques 2 2 Etats-Unis
95%
Cumul JO et Championnats du monde 2 652 Etats-Unis
95%
Championnats du monde 1 677 Australie
93%
Jeux olympiques 2 2 Australie
93%
Cumul JO et Championnats du monde 1 679 Australie
93%
Championnats du monde 3 183 Brésil
92%
Jeux olympiques 1 3 Brésil
92%
Cumul JO et Championnats du monde 3 186 Brésil
92%
Championnats du monde 9 19 Espagne
79%
Cumul JO et Championnats du monde 9 19 Espagne
79%
Championnats du monde 10 8 Portugal
79%
Cumul JO et Championnats du monde 10 8 Portugal
79%
Championnats du monde 6 25 Japon
76%
Jeux olympiques 2 2 Japon
76%
Cumul JO et Championnats du monde 6 27 Japon
76%
Championnats du monde 4 69 Afrique-du-Sud
59%
Jeux olympiques 6 1 Afrique-du-Sud
59%
Cumul JO et Championnats du monde 4 70 Afrique-du-Sud
59%
Championnats du monde 7 20 Royaume-Uni
51%
Cumul JO et Championnats du monde 7 20 Royaume-Uni
51%
Championnats du monde 8 13 Pérou
33%
Cumul JO et Championnats du monde 8 13 Pérou
33%
Aucun quiz correspondant
Distribution des résultats
% des personnes avec chaque résultat
Percentile par nombre de réponses
Votre historique - résultats
Vous n’avez pas pris ce quiz